00980cam a22003014a 450000100090000000300040000900500170001300800410003001000170007102000150008804000180010304200080012105000210012908200170015010000360016724500870020325000120029026000530030230000680035544000320042350400510045565000430050670000260054970000290057590600450060494200120064999900170066112450984OSt20220408125158.0010625s2002 njua b 001 0 eng  a 2001045145 a0130895601 aDLCcDLCdDLC apcc00aQA76.73.J38bD3400a005.13/32211 aDeitel, Harvey M.,d1945-9263310aAdvanced Java 2 platform :bhow to program /cH.M. Deitel, P.J. Deitel, S. Santry. a1st ed. aUpper Saddle River, NJ :bPrentice Hall,cc2002. axxxviii, 1811 p. :bcol. ill. ;c23 cm. +e1 CD-ROM (4 3/4 in.) 0aHow to program series92630 aIncludes bibliographical references and index. 0aJava (Computer program language)927511 aDeitel, Paul J.927721 aSantry, S.q(Sean)92773 a7bcbccorignewd1eocipf20gy-gencatlg 2lcccBK c40451d40451